Подробности
| 000 -МАРКЕР |
| контрольное поле |
01617nam0a2200337 4500 |
| 001 - ИДЕНТИФИКАТОР ЗАПИСИ |
| контрольное поле |
RU\NLR\bibl\27808 |
| 005 - ИДЕНТИФИКАТОР ВЕРСИИ |
| контрольное поле |
20260407031006.0 |
| 010 ## - МЕЖДУНАРОДНЫЙ СТАНДАРТНЫЙ НОМЕР КНИГИ (ISBN) |
| Номер (ISBN) |
5-89428-027-3 |
| Тираж |
150 |
| 035 ## - ДРУГИЕ СИСТЕМНЫЕ НОМЕРА |
| Идентификатор записи |
(NLR Aleph) 000027086 |
| 100 ## - ДАННЫЕ ОБЩЕЙ ОБРАБОТКИ |
| Данные общей обработки |
19990517d1998 |||y0rusy50 ca |
| 101 0# - ЯЗЫК РЕСУРСА |
| Язык текста, звукозаписи и т.д. |
русский |
| 102 ## - СТРАНА ПУБЛИКАЦИИ ИЛИ ПРОИЗВОДСТВА |
| Страна публикации |
Российская Федерация |
| 105 ## - ПОЛЕ КОДИРОВАННЫХ ДАННЫХ: ТЕКСТОВЫЕ МАТЕРИАЛЫ, МОНОГРАФИЧЕСКИЕ |
| Кодированные данные о монографическом текстовом документе |
||||||||||||| |
| 200 1# - ЗАГЛАВИЕ И СВЕДЕНИЯ ОБ ОТВЕТСТВЕННОСТИ |
| Основное заглавие |
Каталог полевых записей языков народов Сибири |
| Сведения, относящиеся к заглавию |
(Фонды Лаб. яз. народов Сибири Том. гос. пед. ун-та) |
| Первые сведения об ответственности |
М-во общ. и проф. образования Рос. Федерации, Том. гос. пед. ун-т |
| Последующие сведения об ответственности |
[Сост.: И.А. Ильяшенко и др. |
| Сведения, относящиеся к заглавию |
Под ред. к.филол.н., доц. А.А. Ким] |
| 210 ## - ПУБЛИКАЦИЯ, РАСПРОСТРАНЕНИЕ И ДР. |
| Место издания, распространения и т.д. |
Томск |
| Имя издателя, распространителя и т. д. |
Том. гос. пед. ун-т |
| Дата издания, распространения и т.д. |
1998 |
| 215 ## - ФИЗИЧЕСКАЯ ХАРАКТЕРИСТИКА |
| Специфическое обозначение материала и объем |
190 с. |
| Размеры |
20 |
| 606 0# - НАИМЕНОВАНИЕ ТЕМЫ КАК ПРЕДМЕТ |
| Наименование темы |
Языки народов Сибири |
| Тематический подзаголовок |
Диалектология |
| Системный номер авторитетной/нормативной записи |
2000391 |
| Идентификатор авторитетной/нормативной записи |
RU\NLR\auth\661204326 |
| 686 ## - ИНДЕКСЫ ДРУГИХ КЛАССИФИКАЦИЙ |
| Индекс |
Ш12/17(251)-5 |
| 702 #1 - ИМЯ ЛИЦА - ВТОРИЧНАЯ ОТВЕТСТВЕННОСТЬ |
| Начальный элемент ввода |
Ильяшенко |
| Часть имени, кроме начального элемента ввода |
И. А. |
| Расширение инициалов личного имени |
Ирина Анатольевна |
| Код отношения |
Составитель |
| 702 #1 - ИМЯ ЛИЦА - ВТОРИЧНАЯ ОТВЕТСТВЕННОСТЬ |
| Начальный элемент ввода |
Ким |
| Часть имени, кроме начального элемента ввода |
А. А. |
| Расширение инициалов личного имени |
Алексанлра Аркадьевна |
| Код отношения |
Редактор |
| 711 02 - НАИМЕНОВАНИЕ ОРГАНИЗАЦИИ - АЛЬТЕРНАТИВНАЯ ОТВЕТСТВЕННОСТЬ |
| Начальный элемент ввода |
Томский государственный педагогический университет |
| Структурное подразделение |
Лаборатория языков народов Сибири |
| Идентификатор авторитетной/нормативной записи |
RU\NLR\AUTH\8810012944 |
| Системный номер авторитетной/нормативной записи |
523732 |
| 801 #0 - ИСТОЧНИК ЗАПИСИ |
| Страна |
Российская Федерация |
| Организация |
NLR |
| Дата составления |
19990517 |
| Правила каталогизации |
PSBO |
| 801 #1 - ИСТОЧНИК ЗАПИСИ |
| Страна |
Российская Федерация |
| Организация |
NLR |
| Дата составления |
19990517 |
| 830 ## - ОБЩЕЕ ПРИМЕЧАНИЕ, СОСТАВЛЕННОЕ КАТАЛОГИЗАТОРОМ |
| Текст примечания |
сост.и ред.по кн. |
| 852 ## - МЕСТОНАХОЖДЕНИЕ И ШИФР ХРАНЕНИЯ |
| Идентификатор организации |
NLR |
| Шифр хранения (Call Number) |
С К-2/7466 |
| 942 ## - ДОПОЛНИТЕЛЬНЫЕ ЭЛЕМЕНТЫ ЗАПИСИ (АБИС) |
| Тип экземпляра АБИС |
Книга |
| 980 ## - КОЛЛЕКЦИЯ |
| Название коллекции |
Национальная библиография |